000
00452nam a2200133Ia 4500
008
100328s9999 xx 000 0 und d
082
_b
38467
100
_a
सोनवणी संजय
245
_a
आभाळात गेलेली माणसं
260
_b
दिलीपराज
630
_a
आभाळात गेलेली माणसं
730
_a
आभाळात गेलेली माणसं
942
_c
BOOK
999
_c
527646
_d
527643